Normal view
MARC view
Entry Geographic Name
001 - CONTROL NUMBER
- control field: 15026
003 - CONTROL NUMBER IDENTIFIER
- control field: ARRUPE
005 - DATE AND TIME OF LATEST TRANSACTION
- control field: 20150210141937.0
008 - FIXED-LENGTH DATA ELEMENTS
- fixed length control field: 150210|| aca||aabn | a|a d
040 ## - CATALOGING SOURCE
- Original cataloging agency: ARRUPE
- Transcribing agency: ARRUPE
151 ## - HEADING--GEOGRAPHIC NAME
- Geographic name: Zimbabwe
- General subdivision: Economic conditions
- Chronological subdivision: 1965-1980.
670 ## - SOURCE DATA FOUND
- Source citation: Work cat.: (ARRUPE)0: Kurebwa, Joseph. 15021, The politics of economic sanctions on Rhodesia (Zimbabwe) :, 2012.